00862nam a2200241 a 4500001000400000003000800004005001700012008003900029035001700068035001800085040004100103041000800144082002600152245009200178260005200270300003600322504003100358650003700389700002800426942001200454999001300466952014100479849BD-RjUL20211208233235.0131123s1958 ilua b 000 0 eng a(BD-RjUL)871 a(OCoLC)575925 aDLCcODaWUdOCoLCdDLCdBD-RjULbeng aeng00a027.773216bSTA 195814aThe status of American college and university librarians /cEdited by Robert B. Downs,  aChicago :bAmerican Library Association,c1958. aiv, 176 p. :btables. ;c24 cm. aBibliographical footnotes. 0aLibrarianszUnited States.92525 aDowns, Robert B.,92526 2ddccBK c849d849 00102ddc40718NFICaRUCLbRUCLcReadingd1963-02-16eZeittingerg24.00l0o027.773 STA 1958r2013-11-23 00:00:00tC-1w2021-12-08yBK